| 000 | 00399nam a2200157Ia 4500 | ||
|---|---|---|---|
| 008 | 240729s9999 xx 000 0 und d | ||
| 022 | _a1867-8777 | ||
| 245 | 0 | _aEarthquake Science | |
| 260 | _aChina | ||
| 260 | _bKeAi Communications Co., Ltd. | ||
| 650 | _a Geology | ||
| 650 | _aScience | ||
| 856 | _uhttps://doaj.org/toc/78790477281d4605b4a371d92d59ac9f | ||
| 942 | _2ddc | ||
| 942 | _cDOAJEJ | ||
| 999 |
_c73192 _d73192 |
||
| 945 |
_a1 _bMadushi Gamage _c1 _dMadushi Gamage |
||